000 00617nam a2200253Ia 4500
005 20260121161115.0
008 008 260114s9999 xx 000 0 eng d
020 _a9780203734414
037 _aEBOOK
040 _aCRL
040 _beng
040 _cCRL
041 _2eng
041 _aeng
084 _qCRL
100 _a P C Kendall
_91040282
245 0 _aVector Analysis and Cartesian Tensors, Third edition
260 _bTaylor and Francis
260 _c1992
856 _uhttp://www.taylorfrancis.com/books/9780203734414
942 _cEBOOK
999 _c1607098
_d1607098